| 000 | 00641 a2200181 4500 | ||
|---|---|---|---|
| 020 | _a0072369655 | ||
| 040 |
_aDLC _bDLC |
||
| 082 | 0 | 0 | _a005.73 |
| 100 | 1 | _aCollins, William J. | |
| 245 | 1 | 0 |
_aData structures and the standard template library _cWilliam J. Collins. |
| 250 | _a1st ed. | ||
| 260 |
_aBoston : _bMcGraw-Hill, _c2003. |
||
| 300 |
_axx, 664 p. : _bill. ; _c24 cm. |
||
| 650 | 0 | _aData structures (Computer science). | |
| 856 | 4 | 2 |
_3Publisher description _uhttp://www.loc.gov/catdir/description/mh021/2001052187.html |
| 856 | 4 | 2 |
_3Table of contents _uhttp://www.loc.gov/catdir/toc/mh021/2001052187.html |
| 942 |
_cBK _k005.73 COL _2ddc |
||
| 999 |
_c6459 _d6459 |
||